<?xml version="1.0" encoding="UTF-8"?>
<record
    xmlns:xsi="http://www.w3.org/2001/XMLSchema-instance"
    xsi:schemaLocation="http://www.loc.gov/MARC21/slim http://www.loc.gov/standards/marcxml/schema/MARC21slim.xsd"
    xmlns="http://www.loc.gov/MARC21/slim">

  <leader>02200nam a22001817a 4500</leader>
  <controlfield tag="008">140425b        xxu||||| |||| 00| 0 eng d</controlfield>
  <datafield tag="020" ind1=" " ind2=" ">
    <subfield code="a">0131433512</subfield>
  </datafield>
  <datafield tag="050" ind1=" " ind2=" ">
    <subfield code="a">TK5105.5.C5897</subfield>
  </datafield>
  <datafield tag="100" ind1=" " ind2=" ">
    <subfield code="a">Comer, Douglas E.</subfield>
  </datafield>
  <datafield tag="245" ind1=" " ind2=" ">
    <subfield code="a">Computer networks and internet: with internet applications. /</subfield>
    <subfield code="c">Douglas E. Comer.</subfield>
  </datafield>
  <datafield tag="250" ind1=" " ind2=" ">
    <subfield code="a">4th ed.</subfield>
  </datafield>
  <datafield tag="260" ind1=" " ind2=" ">
    <subfield code="a">U.S.A:</subfield>
    <subfield code="b">Pearson Prentice Hall,</subfield>
    <subfield code="c">2004.</subfield>
  </datafield>
  <datafield tag="300" ind1=" " ind2=" ">
    <subfield code="a">xxvi, 719p.:</subfield>
    <subfield code="b">ills.;</subfield>
    <subfield code="c">24cm.</subfield>
  </datafield>
  <datafield tag="500" ind1=" " ind2=" ">
    <subfield code="a">Includes index,appendix and bibliography.</subfield>
  </datafield>
  <datafield tag="505" ind1=" " ind2=" ">
    <subfield code="a">Contents: Introduction -- Motivation and tools -- Network programming and applications -- Data transmission: transmission media -- Local asynchronous communication -- Long-distance communication( carriers, modulation, and modems) -- Packet transmission: packets, frame, and error detection -- LAN technologies and network topology -- Hardware addressing and frame type identification -- LAN wiring, physical topology, and interface hardware -- Extending LANs: fiber modems, repeaters, bridges, and switches -- Long-distance and local loop digital technologies -- WAN technologies and routing -- Connection-oriented networking and ATM -- Network characteristics: ownership, service paradigm, and performance -- Protocols and layering -- Internet working: concepts, architecture,  and protocols -- IP: internet protocol addresses -- binding protocol addresses(ARP) -- IP data grams and data gram forwarding -- IP encapsulation, fragmentation, and reassembly -- The Future IP(IPv6) -- An Error reporting mechanism(ICMP) -- UDP: data gram transport service -- TCP: reliable transport service -- Network address translation -- internet routing -- Network applications: client-server interaction -- the socket interface -- example of a client and a server -- naming with the domain name system -- Electronic mail representation and transfer -- IP telephony(VoIP) -- File transfer and remote file access world wide web pages and browsing -- dynamic web document technologies(CGI, ASP, JSP, PHP, ColdFusion) -- Active web document technologies(Java, JavaScript) -- RPC and middleware -- Network management(SNMP) -- Network security -- Initialization(configuration).</subfield>
  </datafield>
  <datafield tag="650" ind1=" " ind2=" ">
    <subfield code="a">Computer.</subfield>
  </datafield>
  <datafield tag="942" ind1=" " ind2=" ">
    <subfield code="2">lcc</subfield>
    <subfield code="c">BK</subfield>
  </datafield>
  <datafield tag="999" ind1=" " ind2=" ">
    <subfield code="c">2869</subfield>
    <subfield code="d">10369</subfield>
  </datafield>
  <datafield tag="952" ind1=" " ind2=" ">
    <subfield code="0">0</subfield>
    <subfield code="1">0</subfield>
    <subfield code="2">lcc</subfield>
    <subfield code="4">0</subfield>
    <subfield code="7">0</subfield>
    <subfield code="a">WIUC-1</subfield>
    <subfield code="b">WIUC-1</subfield>
    <subfield code="c">REF</subfield>
    <subfield code="d">2014-04-25</subfield>
    <subfield code="l">0</subfield>
    <subfield code="o">TK5105.5.C5897</subfield>
    <subfield code="p">7179/204/13</subfield>
    <subfield code="r">2014-04-25 00:00:00</subfield>
    <subfield code="t">1</subfield>
    <subfield code="w">2014-04-25</subfield>
    <subfield code="y">BK</subfield>
  </datafield>
</record>
